Catálogo público

Stingless bees of Mexico : (Record no. 220402)

MARC details
000 -CABECERA
campo de control de longitud fija 02585nam a2200349 a 4500
003 - IDENTIFICADOR DEL NÚMERO DE CONTROL
campo de control CHAP
005 - FECHA Y HORA DE LA ÚLTIMA TRANSACCIÓN
campo de control 20250129124847.0
007 - CAMPO FIJO DE DESCRIPCIÓN FÍSICA--INFORMACIÓN GENERAL
campo de control de longitud fija ta
008 - DATOS DE LONGITUD FIJA--INFORMACIÓN GENERAL
campo de control de longitud fija 250129t2018 sz abd|fr|||| 001 0 eng d
020 ## - NÚMERO INTERNACIONAL ESTÁNDAR DEL LIBRO
Número Internacional Estándar del Libro 978-3-319-77784-9
040 ## - FUENTE DE LA CATALOGACIÓN
Centro catalogador/agencia de origen Z
Centro/agencia transcriptor CHAP
Normas de descripción rda
041 0# - CÓDIGO DE LENGUA
Código de lengua del sumario o resumen Inglés
Código de lengua de la tabla de contenido Inglés
082 00 - NÚMERO DE LA CLASIFICACIÓN DECIMAL DEWEY
Número de clasificación 595.799097265
Número de documento/Ítem Q49 2018
Número de edición 20
100 1# - ENTRADA PRINCIPAL--NOMBRE DE PERSONA
Nombre de persona Quezada-Euán, José Javier G.
9 (RLIN) 189982
Término indicativo de función/relación autor
245 10 - MENCIÓN DE TÍTULO
Título Stingless bees of Mexico :
Resto del título the biology, management and conservation of an ancient heritage /
Mención de responsabilidad, etc. José Javier G. Quezada-Euán
264 #1 - PRODUCCIÓN, PUBLICACIÓN, DISTRIBUCIÓN, FABRICACIÓN Y COPYRIGHT
Producción, publicación, distribución, fabricación y copyright Cham, Switzerland :
Nombre del de productor, editor, distribuidor, fabricante Springer,
Fecha de producción, publicación, distribución, fabricación o copyright ©2018
300 ## - DESCRIPCIÓN FÍSICA
Extensión x, 294 páginas :
Otras características físicas ilustraciones, mapas, gráficas, tablas
336 ## - TIPO DE CONTENIDO
Fuente rdacontent
Término de tipo de contenido texto
Código de tipo de contenido txt
337 ## - TIPO DE MEDIO
Fuente rdamedia
Nombre/término del tipo de medio sin medio
Código del tipo de medio n
338 ## - TIPO DE SOPORTE
Fuente rdacarrier
Nombre/término del tipo de soporte volumen
Código del tipo de soporte nc
500 ## - NOTA GENERAL
Nota general ej.1: C/E 2718
504 ## - NOTA DE BIBLIOGRAFÍA, ETC.
Nota de bibliografía, etc. Incluye bibliografía
505 0# - NOTA DE CONTENIDO CON FORMATO
Nota de contenido con formato Chapter 1. Taxonomy and diversity of the stingless bee -- Chapter 2. Nesting biology -- Chapter 3. Anatomy and physiology -- Chapter 4. Sex determination and caste production -- Chapter 5. Colony function and communication -- Chapter 6. Reproduction -- Chapter 7. Services provided by stingless bees -- Chapter 8. Managing and preserving stingless bees -- Chapter 9. The past, present, and future of meliponiculture in Mexico -- Annex 1: List of Abbreviations of the Genera of Stingless Bees Used in the Book and Recognized Species for Mexico -- Annex 2: Nectar- and Pollen-Producing Plants in the Yucatan Peninsula -- Annex 3: Record Sheet Template, Nest Dimensions, and Hive Sizes For Stingless Bees in the Yucatan Peninsula -- Index
520 ## - SUMARIO, ETC.
Sumario, etc. The stingless are the most diverse group of highly regions, where they thrie. in México, the management of stingless bees dates back centuries, and they were an essential part of the culture and cosmogony of native peoples like the maya. In recent decades a vast amonunt of information has been gathered on stingless bees worldwide. This book summarizes various aspects of the biology and management of stinglees bees, wiht special emphasis on the Mexican species and the traditions behind their cultivation. Much of the information presented here was produced by the author and the tems of researchers at the Universidad Autónoma de Yucatán in the curse of three decades of working with theses insects.
534 ## - NOTA SOBRE LA VERSIÓN ORIGINAL
Frase introductoria Título original:
650 13 - PUNTO DE ACCESO ADICIONAL DE MATERIA--TÉRMINO DE MATERIA
Término de materia o nombre geográfico como elemento de entrada Abejas
9 (RLIN) 182
650 13 - PUNTO DE ACCESO ADICIONAL DE MATERIA--TÉRMINO DE MATERIA
Término de materia o nombre geográfico como elemento de entrada Abejas sin aguijón
9 (RLIN) 189985
Subdivisión geográfica México
650 13 - PUNTO DE ACCESO ADICIONAL DE MATERIA--TÉRMINO DE MATERIA
Término de materia o nombre geográfico como elemento de entrada Abejas sin aguijón
9 (RLIN) 189985
Subdivisión geográfica Yucatán
650 13 - PUNTO DE ACCESO ADICIONAL DE MATERIA--TÉRMINO DE MATERIA
Término de materia o nombre geográfico como elemento de entrada Abejas melíferas
9 (RLIN) 143228
650 13 - PUNTO DE ACCESO ADICIONAL DE MATERIA--TÉRMINO DE MATERIA
Término de materia o nombre geográfico como elemento de entrada Meliponicultura
9 (RLIN) 189986
942 ## - ELEMENTOS DE PUNTO DE ACCESO ADICIONAL (KOHA)
Fuente del sistema de clasificación o colocación Dewey Decimal Classification
Tipo de ítem Koha Libro
Holdings
Estado de retiro Estado de pérdida Fuente del sistema de clasificación o colocación Estado dañado Restricciones de uso No para préstamo Código de colección Localización permanente Ubicación/localización actual Fecha de adquisición Fuente de adquisición Número de inventario Total de préstamos Signatura topográfica completa Código de barras Fecha visto por última vez Número de copia Precio válido a partir de Tipo de ítem Koha
    Dewey Decimal Classification   Préstamo interno   General Zootecnia Zootecnia 08/11/2022 Compra Libreria UACh No. 40360 C/E   595.799097265 Q49 2018 5102007527 29/01/2025 Ej.1 29/01/2025 Libro